| 000 | 00841nam a22002177a 4500 | ||
|---|---|---|---|
| 005 | 20120727113758.0 | ||
| 010 | _aB-477223 | ||
| 020 |
_a8176481750 _c500.00 |
||
| 035 | _aB-477223 | ||
| 037 | _adpl | ||
| 037 | _aK.K.Pub/Ven | ||
| 082 | _a307.1216 | ||
| 100 |
_aMohan, I _950949 |
||
| 245 |
_aDelhi : development and change/ _cby Mohan, I |
||
| 260 |
_aNew delhi _bA.P.H. Publishing corporation _c2000 |
||
| 270 |
_a5, Ansari road, darya ganj _bNew delhi _e110002 |
||
| 300 |
_a177 p. _c22 cm. |
||
| 942 |
_2ddc _cEN _mMOH _h307.1216 |
||
| 999 |
_c68760 _d68760 |
||